| 000 | 00803nam a2200217Ia 4500 | ||
|---|---|---|---|
| 003 | GCL | ||
| 005 | 20240530095500.0 | ||
| 008 | 140319s9999 xx 000 0 ara d | ||
| 040 |
_aGCL / _cGCL |
||
| 082 | 0 | 4 |
_a336.01462 _bق/أ ت |
| 100 | 1 | _aاحمد شريف عمر | |
| 245 | 1 | 0 |
_aالتأجير التمويلى كأداة للتنمية الاقتصادية : _bدراسة للسوق المصرى / _cاحمد شريف عمر |
| 250 | _aالاولى | ||
| 260 |
_aالقاهرة : _bمؤسسة الاهرام ، _c2003 |
||
| 300 |
_a112ص ؛ _c24سم |
||
| 490 |
_aكتاب الاهرام الاقتصادى _v191 |
||
| 650 | 0 | 4 | _aمصر - التنمية الاقتصادية |
| 650 | 0 | 4 | _aالتمويل - احصاءات |
| 650 | 0 | 4 | _aالتمويل المحلى - مصر |
| 942 |
_2ddc _cBK |
||
| 999 |
_c7705 _d7705 |
||